000 00965nam a2200277 a 4500
001 31897
003 BD-RjUL
005 20211209051749.0
008 140422t19651964enk 000 0 eng d
035 _a(BD-RjUL)31985
040 _aIAD
_cIAD
_dUKM
_dEQO
_dBD-RjUL
_beng
041 _aeng
082 _a194
_218
_bJAL 1965
090 _aB785.L3954
_bJ3 1965
100 1 _aJaspers, Karl,
_d1883-1969.
_997094
245 1 0 _aLeonardo, Descartes, Max Weber :
_bthree essays /
_cKarl Jaspers, Translated by Ralph Manheim
260 _aLondon :
_bRoutledge & K. Paul,
_cc1964 [Reprinted 1965]
300 _avii, 274 p. ;
_c22 cm
500 _aSome editions have title: Three essays: Leonardo, Descartes, Max Weber
600 0 0 _aLeonardo,
_cda Vinci,
_d1452-1519.
_922830
600 1 0 _aDescartes, René,
_d1596-1650.
_997100
600 1 0 _aWeber, Max,
_d1864-1920.
_997101
740 0 _aThree essays: Leonardo, Descartes, Max Weber
942 _2ddc
_cBK
999 _c31897
_d31897